000 00609nam a2200241Ia 4500
003 OSt
005 20221005033315.0
006 a|||||r|||| 00| 0
007 ta
008 221004b |||||||| |||| 00| 0 eng d
024 _a28410
037 _cTextual
040 _aCRL
_cCRL
_beng
041 _2eng
_aeng
082 _aF0bY, M4
100 _aWakhlu O N
_9586002
245 0 _aSociety, technology and development
260 _aDelhi
_bB.R. India
_c1984
300 _a251p
_ccm.
650 _aTECHNOLOGY
942 _hF0bY, M4
_cTEXL
_2cc
999 _c941319
_d941319